La Transnacionalización del mundo social : (Record no. 153900)
[ view plain ]
| 000 -LEADER | |
|---|---|
| fixed length control field | nam a22 7a 4500 |
| 005 - DATE AND TIME OF LATEST TRANSACTION | |
| control field | 20200127125012.0 |
| 008 - FIXED-LENGTH DATA ELEMENTS--GENERAL INFORMATION | |
| fixed length control field | 200127b mx ||||| |||| 00| 0 spa d |
| 020 ## - INTERNATIONAL STANDARD BOOK NUMBER | |
| International Standard Book Number | 9786076282021 |
| 050 04 - LIBRARY OF CONGRESS CALL NUMBER | |
| Classification number | HM1271 |
| Item number | P75 2017 |
| 100 1# - MAIN ENTRY--PERSONAL NAME | |
| Personal name | Pries, Ludger |
| 240 ## - UNIFORM TITLE | |
| Uniform title | Die Transnationalisierung der sozialen Welt. |
| Language of a work | Español |
| 245 13 - TITLE STATEMENT | |
| Title | La Transnacionalización del mundo social : |
| Remainder of title | espacios sociales más allá de las sociedades nacionales / |
| Statement of responsibility, etc | Ludger Pries ; traducción al español: Anja Corona Bähre y Lizeth Paula Mora |
| 250 ## - EDITION STATEMENT | |
| Edition statement | 1a ed. |
| 260 ## - PUBLICATION, DISTRIBUTION, ETC. (IMPRINT) | |
| Place of publication, distribution, etc | México : |
| Name of publisher, distributor, etc | El Colegio de México, |
| -- | Centro de Estudios Internacionales, |
| Date of publication, distribution, etc | 2017 |
| 300 ## - PHYSICAL DESCRIPTION | |
| Extent | 386 p. : |
| Other physical details | il., |
| Dimensions | 21 cm. |
| 650 #7 - SUBJECT ADDED ENTRY--TOPICAL TERM | |
| Source of heading or term | lemb |
| Topical term or geographic name as entry element | Socialización |
| General subdivision | Estudios transculturales |
| 650 #7 - SUBJECT ADDED ENTRY--TOPICAL TERM | |
| Source of heading or term | lemb |
| Topical term or geographic name as entry element | Transnacionalismo |
| General subdivision | Aspectos sociales |
| 650 #7 - SUBJECT ADDED ENTRY--TOPICAL TERM | |
| Source of heading or term | lemb |
| Topical term or geographic name as entry element | Globalización |
| General subdivision | Aspectos sociales |
| 700 1# - ADDED ENTRY--PERSONAL NAME | |
| Personal name | Corona Bähre, Anja, |
| Relator term | traductor |
| 700 1# - ADDED ENTRY--PERSONAL NAME | |
| Personal name | Mora, Lizeth Paula, |
| Relator term | traductor |
| 942 ## - ADDED ENTRY ELEMENTS (KOHA) | |
| Source of classification or shelving scheme | Biblioteca del Cogreso de los Estados Unidos |
| Koha item type | Libro |
| Estado de pérdida | Fuente de clasificación | Estado del daño | No para préstamo | Ubicación permanente | Ubicación actual | Apartado o colección | Fecha de adquisición | Área del conocimiento | Clasificación | Código de Barras | Date last seen | Número de copia | Costo por reposición | Tipo de recurso |
|---|---|---|---|---|---|---|---|---|---|---|---|---|---|---|
| Biblioteca del Cogreso de los Estados Unidos | Biblioteca del Instituto de Investigaciones Históricas | Biblioteca del Instituto de Investigaciones Históricas | General | 27/01/2020 | Ciencias Sociales y Administrativas | HM1271 P75 2017 | IIH000030040 | 27/01/2020 | C:1 | 1.00 | Libro |